Loading...
Chinthakal spandanangal/
| Main Author: | |
|---|---|
| Format: | Printed Book |
| Language: | English |
| Published: |
Thrissur:
Kerala Sahitya Akademi,
1991.
|
| Subjects: |
| LEADER | 00498 a2200145 4500 | ||
|---|---|---|---|
| 008 | 150103s9999 000 0 eng | ||
| 082 | |a 814 | ||
| 100 | |a Karunakaran Nambiar, V. | ||
| 245 | |a Chinthakal spandanangal/ | ||
| 260 | |a Thrissur: |b Kerala Sahitya Akademi, |c 1991. | ||
| 300 | |a 165 p. | ||
| 650 | |a Essays | ||
| 942 | |c BK | ||
| 999 | |c 306561 |d 306561 | ||
| 952 | |0 0 |1 0 |2 ddc |4 0 |6 M_814_000000000000000_KAR_CH |7 0 |9 351677 |a DRA |b DRA |c ST1 |d 2012-10-15 |i 6334 |l 0 |o M 814 KAR/CH |p DRA6334 |r 2019-01-03 |v 25.00 |w 2019-01-03 |y BK | ||